Técnicas cuantitativas de la planificación (Registro nro. 3646)

Detalles MARC
000 -LEADER
fixed length control field 01280 a2200205 4500
001 - CONTROL NUMBER
control field 42897
005 - DATE AND TIME OF LATEST TRANSACTION
control field 20260407155715.0
008 - FIXED-LENGTH DATA ELEMENTS--GENERAL INFORMATION
fixed length control field 260407a1967 arg spa d
003 - CONTROL NUMBER IDENTIFIER
control field AR-UNSa-BCEJYS
040 ## - CATALOGING SOURCE
Original cataloging agency AR-UNSa-BCEJYS
Language of cataloging spa
Transcribing agency AR-UNSa-BCEJYS
080 ## - UNIVERSAL DECIMAL CLASSIFICATION NUMBER
Universal Decimal Classification number 338.26
Common auxiliary subdivision Planes económicos. Planificación de la economía
041 ## - LANGUAGE CODE
Language code of text/sound track or separate title spa
100 1# - MAIN ENTRY--PERSONAL NAME
Personal name Perroux, Francois
245 10 - TITLE STATEMENT
Title Técnicas cuantitativas de la planificación
264 #1 - PRODUCTION, PUBLICATION, DISTRIBUTION, MANUFACTURE, AND COPYRIGHT NOTICE
Place of production, publication, distribution, manufacture Barcelona :
Name of producer, publisher, distributor, manufacturer Ariel
Date of production, publication, distribution, manufacture, or copyright notice 1967
300 ## - PHYSICAL DESCRIPTION
Extent 232 p.
Dimensions 23 cm.
505 ## - FORMATTED CONTENTS NOTE
Formatted contents note 1. El equilibrio espontáneo y el plan - 2. El efecto de promoción y las dos técnicas fundamentales de la planificación - 3. El efecto de promoción y la planificación a partir de los grandes agregados - 4. El efecto de promoción y la planificación a partir de los pequeños agregados - 5. La inversión promotora - 6. Las inversiones desagregadas y el efecto de promoción: industrias "modernas" e industrias "eternamentes nuevas" - 7. Las inversiones desagregadas y el efecto de promoción: sector de crecimiento fuerte y sector de crecimiento débil - 8. Las inversiones desagregadas y el efecto de promoción: sector público - 9. Las técnicas cuantitativas del plan y las funciones sociales
590 ## - LOCAL NOTE (RLIN)
Local note niveau_biblio:m niveau_hierar:0
942 ## - ADDED ENTRY ELEMENTS (KOHA)
Koha item type
Existencias
Withdrawn status Lost status Damaged status Not for loan Home library Current library Shelving location Date acquired Total checkouts Full call number Barcode Date last seen Price effective from Koha item type
        Biblioteca Prof. Eusebio Cleto del Rey Biblioteca Prof. Eusebio Cleto del Rey   07/04/2026   338.26 P459 L13467 07/04/2026 07/04/2026 Libro